Адаптивное нечеткое корректирующее устройство систем автоматического регулирования; Вестник науки Сибири; № 1 (1)

Opis bibliograficzny
Parent link:Вестник науки Сибири: электронный научный журнал/ Томский политехнический университет (ТПУ).— , 2011-.— 2226-0064
№ 1 (1).— 2011.— [С. 388-392]
1. autor: Скороспешкин М. В. Максим Владимирович
Kolejni autorzy: Скороспешкин В. Н. Владимир Николаевич, Аврамчук В. С. Валерий Степанович
Streszczenie:Заглавие с титульного листа
Показана возможность создания адаптивной системы автоматического регулирования на основе применения псевдолинейного фазового корректирующего устройства, подстройка которого осуществляется на основе аппарата нечеткой логики. Установлено, что применение такого корректора позволяет повысить запас устойчивости и качество системы автоматического регулирования. Сделан вывод о том, что такие системы целесообразно применять как при регулировании параметров нестационарных объектов, так и объектов, на которые поступают возмущения, приводящие к возникновению колебаний регулируемой величины с амплитудой, превышающей допустимую.
Język:rosyjski
Wydane: 2011
Seria:Информационные технологии и системы управления
Hasła przedmiotowe:
Dostęp online:http://earchive.tpu.ru/handle/11683/14960
Format: Elektroniczne Rozdział
KOHA link:https://koha.lib.tpu.ru/cgi-bin/koha/opac-detail.pl?biblionumber=477824

MARC

LEADER 00000naa2a2200000 4500
001 477824
005 20240213124816.0
035 |a (RuTPU)RU\TPU\prd\144618 
035 |a RU\TPU\prd\144617 
090 |a 477824 
100 |a 20120622d2011 k y0rusy50 ca 
101 0 |a rus 
102 |a RU 
135 |a drnn ---uucaa 
181 0 |a i  
182 0 |a b 
200 1 |a Адаптивное нечеткое корректирующее устройство систем автоматического регулирования  |f М. В. Скороспешкин, В. Н. Скороспешкин, В. С. Аврамчук 
203 |a Текст  |c электронный 
215 |a 1 файл (861 Кб) 
225 1 |a Информационные технологии и системы управления 
300 |a Заглавие с титульного листа 
320 |a [Библиогр.: с. 392 (4 назв.)] 
330 |a Показана возможность создания адаптивной системы автоматического регулирования на основе применения псевдолинейного фазового корректирующего устройства, подстройка которого осуществляется на основе аппарата нечеткой логики. Установлено, что применение такого корректора позволяет повысить запас устойчивости и качество системы автоматического регулирования. Сделан вывод о том, что такие системы целесообразно применять как при регулировании параметров нестационарных объектов, так и объектов, на которые поступают возмущения, приводящие к возникновению колебаний регулируемой величины с амплитудой, превышающей допустимую. 
337 |a Adobe Reader 
461 1 |0 (RuTPU)RU\TPU\prd\143680  |x 2226-0064  |t Вестник науки Сибири  |o электронный научный журнал  |f Томский политехнический университет (ТПУ)  |d 2011- 
463 1 |0 (RuTPU)RU\TPU\prd\143681  |t № 1 (1)  |v [С. 388-392]  |d 2011 
610 1 |a адаптивные системы 
610 1 |a качество 
610 1 |a корректирующие устройства 
610 1 |a нечеткая логика 
610 1 |a системы автоматического регулирования 
610 1 |a труды учёных ТПУ 
610 1 |a электронный ресурс 
675 |a 681.511.4  |v 3 
700 1 |a Скороспешкин  |b М. В.  |c специалист в области информатики и вычислительной техники  |c доцент Томского политехнического университета, инженер, кандидат технических наук  |f 1980-  |g Максим Владимирович  |3 (RuTPU)RU\TPU\pers\25411  |9 11353 
701 1 |a Скороспешкин  |b В. Н.  |c специалист в области информатики и вычислительной техники  |c доцент Томского политехнического университета, кандидат технических наук  |f 1951-  |g Владимир Николаевич  |3 (RuTPU)RU\TPU\pers\26808  |9 12433 
701 1 |a Аврамчук  |b В. С.  |c специалист в области автоматики и компьютерной техники  |c доцент Томского политехнического университета, кандидат технических наук  |f 1978-  |g Валерий Степанович  |3 (RuTPU)RU\TPU\pers\25928 
801 1 |a RU  |b 63413507  |c 20090623  |g PSBO 
801 2 |a RU  |b 63413507  |c 20180116  |g PSBO 
856 4 |u http://earchive.tpu.ru/handle/11683/14960 
942 |c BK